000 01551nam a2200337 a 4500
001 000008765
005 20241018141415.0
008 090918s2001 dr 001 e spa d
020 _a9993454079
040 _aDO-SdBNP
_bspa
_cBNPHU
082 _aRD864.44
_bR918u
100 1 _aRueda, Manuel,
_d1921-1999
_922834
245 1 4 _aUna voz :
_btemas literarios /
_cManuel Rueda ; selección y notas Andrés Blanco Díaz ; prólogo Jacinto Gimbernard Pellerano.
260 _aSanto Domingo :
_bCorripio,
_c2001.
300 _a572 p. ;
_c23 cm.
490 1 _aPrisma
_v6 y 7
505 0 _gv.1: Temas literarios:
_tAcerca de una voz /
_rJacinto Gimbernard Pellerano --
_tCrítica, ensayo, semblanzas --
_tFolklore literario --
_tTeatro.
_gv.2: Temas musicales y diversos:
_tTemas musicales --
_tSobre personajes del ambiente musical --
_tTemas diversos.
650 0 _aEnsayos dominicanos
_965
650 0 _aLiteratura dominicana.
_967
650 4 _aMúsica dominicana
_xEnsayos, conferencias, etc.
_923300
650 4 _aCultura popular en la literatura
_912596
650 0 _aVida cultural
_zRepública Dominicana
_923301
650 4 _aMúsica dominicana
_xEnsayos, conferencias, etc.
_923300
650 4 _aLiteratura hispanoamericana
_ySIGLO XX
_xHistoria y crítica
_923302
650 4 _aLiteratura española
_ySIGLO XX
_xHistoria y crítica
_93061
700 1 _aBlanco Díaz, Andrés
_esel.
_9172
700 1 _aGimbernard Pellerano, Jacinto,
_d1931-
_epról.
_923303
830 0 _aPrisma
_n6 y 7
_923304
910 _aValidado. Control de calidad EMS
049 _aBNPD
999 _c8534
_d8534